Elektronizácia účtovníctva ako nástroj na elimináciu ekonomickej kriminality v kontexte legislatívnych zmien v roku 2022
Nutnosť prispôsobenia účtovnej legislatívy v oblasti elektronizácie. Účtovná dokumentácia v kontexte legislatívnych zmien. Podoba účtovného záznamu, jeho transformácia, preukázateľnosť, uchovávanie a ochrana účtovného záznamu. Register účtovných závierok.
Salvato in:
| Autore principale: | |
|---|---|
| Natura: | Capitolo di libro |
| Lingua: | slovacco |
| Soggetti: | |
| Tags: |
Nessun Tag, puoi essere il primo ad aggiungerne!!
|
MARC
| LEADER | 00000naa a2200000 4500 | ||
|---|---|---|---|
| 001 | 0289935 | ||
| 005 | 20240502074439.9 | ||
| 041 | 0 | |a slo | |
| 044 | |a SK | ||
| 245 | 1 | 0 | |a Elektronizácia účtovníctva ako nástroj na elimináciu ekonomickej kriminality v kontexte legislatívnych zmien v roku 2022 |c Renáta Stanley |
| 520 | |a Nutnosť prispôsobenia účtovnej legislatívy v oblasti elektronizácie. Účtovná dokumentácia v kontexte legislatívnych zmien. Podoba účtovného záznamu, jeho transformácia, preukázateľnosť, uchovávanie a ochrana účtovného záznamu. Register účtovných závierok. | ||
| 610 | 2 | 0 | |a účtovníctvo |
| 610 | 2 | 0 | |a kriminalita finančná |
| 610 | 2 | 0 | |a dokumentácia účtovná |
| 610 | 2 | 0 | |a legislatíva |
| 610 | 2 | 0 | |a závierka účtovná |
| 610 | 2 | 0 | |a elektronizácia |
| 100 | 1 | |a Stanley, Renáta, 1981- | |